| 000 | 00806cab a2200253 4500 | ||
|---|---|---|---|
| 001 | ABS52610 | ||
| 008 | 090401t1995 xxu||||| |||| 00| 0 eng d | ||
| 035 | _a(Sirsi) u86426 | ||
| 041 | _aeng | ||
| 100 | _aBrown, E. | ||
| 245 | _aProposal documents: mind your language | ||
| 260 | _c1995 | ||
| 350 | _a0 | ||
| 490 |
_aEstates Gazette _v(9510) 11 March 1995, 56(1) |
||
| 520 | _aArgues for a clearer and less mannered use of English in professional documents, pointing out the negative and distancing effects of much current practice. | ||
| 650 | _aCLIENT RELATIONS | ||
| 650 | _aJARGON | ||
| 650 | _aPLAIN ENGLISH | ||
| 650 | _aPROFESSIONAL LANGUAGE | ||
| 650 | _aTECHNICAL LANGUAGE | ||
| 690 | _aMANAGEMENT-BUSINESS MANAGEMENT-PROFESSIONAL PRACTICE | ||
| 942 | _n0 | ||
| 948 | _c04/03/1997 | ||
| 999 |
_c54392 _d54392 |
||